[Event "LSS No Engine Cup 81 Preliminary 5"]
[Site "LSS email"]
[Date "2013.01.15"]
[Round "?"]
[White "Lopez Caler, Jose Luis"]
[Black "Chester, Ian"]
[Result "0-1"]
[WhiteElo "1000"]
[BlackElo "1399"]
[PlyCount "90"]
[EventDate "2013.01.16"]
[EventType "tourn (corr)"]
[EventRounds "6"]
[EventCountry "GER"]
[SourceTitle "Telechess CBM 161"]
[Source "ChessBase"]
[SourceDate "2014.07.16"]
[SourceVersion "1"]
[SourceVersionDate "2014.07.16"]
[SourceQuality "1"]

1. e4 d6 2. d4 Nf6 3. Nc3 g6 4. Nf3 Bg7 5. Bc4 0-0 6. 0-0 c5 7. d5 Bg4 8. h3 Bxf3 9. Qxf3 Nbd7 10. Re1 Ne5 11. Qe2 a6 12. f4 Nxc4 13. Qxc4 b5 14. Qe2 Nd7 15. Bd2 Nb6 16. f5 Nc4 17. fxg6 fxg6 18. b3 Nxd2 19. Qxd2 b4 20. Ne2 Bxa1 21. Rxa1 e6 22. dxe6 Qf6 23. Rd1 Qxe6 24. Qd5 Qxd5 25. Rxd5 Rad8 26. Rd1 Rfe8 27. Ng3 Re5 28. Re1 d5 29. Kh2 Rde8 30. h4 dxe4 31. Re3 Kg7 32. Kh3 h5 33. Kh2 Rd8 34. Rxe4 Rxe4 35. Nxe4 Rd5 36. Kg3 Re5 37. Kf3 Kf7 38. Ke3 Ke6 39. Kf4 Kd5 40. Nf6+ Kd4 41. Nd7 Rf5+ 42. Kg3 Kc3 43. Nb8 Kxc2 44. Nxa6 Kb2 45. Nc7 Kxa2 0-1

[Event "LSS No Engine Cup 81 Preliminary 5"]
[Site "LSS email"]
[Date "2013.01.15"]
[Round "?"]
[White "Lopez Caler, Jose Luis"]
[Black "Gudok, Viktor V"]
[Result "0-1"]
[WhiteElo "1000"]
[BlackElo "1929"]
[PlyCount "70"]
[EventDate "2013.01.16"]
[EventType "tourn (corr)"]
[EventRounds "6"]
[EventCountry "GER"]
[SourceTitle "Telechess CBM 161"]
[Source "ChessBase"]
[SourceDate "2014.07.16"]
[SourceVersion "1"]
[SourceVersionDate "2014.07.16"]
[SourceQuality "1"]

1. d4 Nf6 2. c4 g6 3. Nc3 Bg7 4. e4 d6 5. Nf3 0-0 6. Be2 e5 7. d5 a5 8. Bg5 h6 9. Bh4 Na6 10. 0-0 Qe8 11. Nb5 Nxe4 12. Nd2 Nxd2 13. Qxd2 b6 14. Rfe1 f5 15. f4 exf4 16. Bf3 Be5 17. Bf2 Bd7 18. Bd4 Bxb5 19. cxb5 Nc5 20. Bxc5 bxc5 21. Qf2 Bd4 22. Rxe8 Bxf2+ 23. Kxf2 Rfxe8 24. a4 Re5 25. Ra3 Rae8 26. Rb3 Re3 27. Rxe3 Rxe3 28. Be2 Rb3 29. h3 Rxb2 30. Kf1 Rb1+ 31. Kf2 Ra1 32. g4 fxg3+ 33. Kxg3 Rxa4 34. h4 Rd4 35. Bf3 a4 0-1

[Event "LSS No Engine Cup 81 Preliminary 5"]
[Site "LSS email"]
[Date "2013.01.15"]
[Round "?"]
[White "Verich, Oleg"]
[Black "Lopez Caler, Jose Luis"]
[Result "1/2-1/2"]
[WhiteElo "1077"]
[BlackElo "1000"]
[PlyCount "100"]
[EventDate "2013.01.16"]
[EventType "tourn (corr)"]
[EventRounds "6"]
[EventCountry "GER"]
[SourceTitle "Telechess CBM 161"]
[Source "ChessBase"]
[SourceDate "2014.07.16"]
[SourceVersion "1"]
[SourceVersionDate "2014.07.16"]
[SourceQuality "1"]

1. d4 Nf6 2. c4 g6 3. Nc3 Bg7 4. Nf3 d6 5. d5 0-0 6. e4 Bg4 7. Be2 c6 8. Qc2 Nbd7 9. dxc6 bxc6 10. Bd2 Rb8 11. b3 Ne5 12. Nxe5 Bxe2 13. Nxe2 dxe5 14. Bc3 Nd7 15. 0-0 Qc7 16. Rad1 Rfd8 17. b4 a6 18. a4 Nb6 19. c5 Nd7 20. Rd2 Bh6 21. Rd3 Nf6 22. Ng3 Bf4 23. f3 Bxg3 24. hxg3 Nh5 25. Be1 Rd7 26. Rxd7 Qxd7 27. Qc4 Qb7 28. Kf2 Rd8 29. Bc3 Qd7 30. Bxe5 Qd2+ 31. Kg1 Qe3+ 32. Kh2 Qg5 33. Qc3 f6 34. Bf4 Nxf4 35. gxf4 Qxf4+ 36. Kg1 Kg7 37. Qc4 Qg3 38. Qe2 Rd4 39. Rb1 h5 40. Qf2 Qe5 41. b5 axb5 42. axb5 cxb5 43. c6 Rc4 44. Qb6 Qc5+ 45. Qxc5 Rxc5 46. c7 Rxc7 47. Rxb5 e5 48. Kh2 g5 49. Kg3 Kg6 50. Rb6 Rf7 1/2-1/2

[Event "OP-2013-0-02581"]
[Site "LSS email"]
[Date "2013.01.12"]
[Round "?"]
[White "Pepermans, Toon"]
[Black "Lopez Caler, Jose Luis"]
[Result "1-0"]
[WhiteElo "2355"]
[BlackElo "1000"]
[PlyCount "57"]
[EventDate "2013.01.06"]
[EventType "tourn (corr)"]
[EventRounds "4"]
[EventCountry "GER"]
[SourceTitle "Telechess CBM 159"]
[Source "ChessBase"]
[SourceDate "2014.03.17"]
[SourceVersion "1"]
[SourceVersionDate "2014.03.17"]
[SourceQuality "1"]

1. d4 Nf6 2. c4 g6 3. Nc3 Bg7 4. e4 d6 5. Nf3 0-0 6. Be2 e5 7. Be3 Nc6 8. d5 Ne7 9. Nd2 a6 10. c5 Bd7 11. cxd6 cxd6 12. a4 Qc7 13. 0-0 b6 14. Qb3 Nc8 15. Rfc1 Qb7 16. Rc2 b5 17. axb5 axb5 18. Rxa8 Qxa8 19. h3 Qa1+ 20. Kh2 Qe1 21. Qa2 b4 22. Nf3 b3 23. Qa3 Qxc3 24. Rxc3 Nxe4 25. Rc7 Bf5 26. g4 Bxg4 27. hxg4 f5 28. gxf5 Nb6 29. Qa7 1-0

[Event "SN-2012-0-00482"]
[Site "LSS email"]
[Date "2013.01.11"]
[Round "?"]
[White "Lopez Caler, Jose Luis"]
[Black "Lombardi, Donato"]
[Result "1-0"]
[WhiteElo "1000"]
[BlackElo "926"]
[PlyCount "109"]
[EventDate "2012.12.22"]
[EventType "tourn (corr)"]
[EventRounds "6"]
[EventCountry "GER"]
[SourceTitle "Telechess CBM 161"]
[Source "ChessBase"]
[SourceDate "2014.07.16"]
[SourceVersion "1"]
[SourceVersionDate "2014.07.16"]
[SourceQuality "1"]

1. d4 d5 2. Nf3 Nf6 3. c4 c6 4. Nc3 Nbd7 5. e3 e6 6. Be2 Bb4 7. Bd2 0-0 8. 0-0 Re8 9. a3 Bxc3 10. Bxc3 Ne4 11. Nd2 Ndf6 12. Nf3 Nxc3 13. bxc3 b6 14. Ne5 Qd6 15. f4 Ne4 16. Bd3 Nxc3 17. Qh5 g6 18. Qh4 dxc4 19. Nxc4 Qe7 20. Qh6 Qf8 21. Qg5 Ba6 22. Rf3 Bxc4 23. Bxc4 b5 24. Bd3 a6 25. Rc1 Qxa3 26. Rcf1 Nd5 27. e4 Ne7 28. Rh3 h5 29. Be2 Qb2 30. Bxh5 Qxd4+ 31. Kh1 Qxe4 32. Bf3 Qf5 33. Qh6 Qf6 34. Qh7+ Kf8 35. g3 Qg7 36. Qh4 Nf5 37. Qg5 Rad8 38. Bxc6 Re7 39. g4 Rc8 40. Bb7 Rcc7 41. Bxa6 Kg8 42. gxf5 exf5 43. Bxb5 Rb7 44. Rd1 Rbd7 45. Rhd3 Rxd3 46. Bxd3 Re3 47. Qd8+ Kh7 48. Rg1 Qc3 49. Qh4+ Kg7 50. Bxf5 Qc6+ 51. Rg2 Rc3 52. h3 Qf3 53. Qe1 Qxh3+ 54. Bxh3 Rxh3+ 55. Rh2 1-0

[Event "SN-2012-0-00482"]
[Site "LSS email"]
[Date "2013.01.11"]
[Round "?"]
[White "Lopez Caler, Jose Luis"]
[Black "Mori, Roberto"]
[Result "0-1"]
[WhiteElo "1000"]
[BlackElo "734"]
[PlyCount "120"]
[EventDate "2012.12.22"]
[EventType "tourn (corr)"]
[EventRounds "6"]
[EventCountry "GER"]
[SourceTitle "Telechess CBM 161"]
[Source "ChessBase"]
[SourceDate "2014.07.16"]
[SourceVersion "1"]
[SourceVersionDate "2014.07.16"]
[SourceQuality "1"]

1. e4 e5 2. Nf3 Nc6 3. Bb5 Bd6 4. c3 Nf6 5. d4 0-0 6. Bg5 exd4 7. cxd4 Be7 8. Nc3 h6 9. Bxf6 Bxf6 10. e5 Be7 11. a3 a6 12. Bc4 b5 13. Bb3 Bb7 14. d5 Na5 15. 0-0 Nxb3 16. Qxb3 Bc5 17. Rad1 Be7 18. Rfe1 Rb8 19. e6 Qe8 20. exf7+ Qxf7 21. Rxe7 Qxe7 22. d6+ Qf7 23. Nd5 cxd6 24. h3 Rbc8 25. Qd3 Rc5 26. Nb6 Bxf3 27. gxf3 Rc6 28. Nd5 Rc5 29. b4 Rc6 30. Kh2 Qxf3 31. Ne7+ Kh8 32. Ng6+ Kg8 33. Nxf8 Qf4+ 34. Qg3 Qxf8 35. Rg1 d5 36. Rd1 Rc2 37. Kg2 Qf5 38. Rd3 Qe4+ 39. Rf3 Rc3 40. Qg4 Qxg4+ 41. hxg4 Rc4 42. Kg3 Rc1 43. Kf4 Rc4+ 44. Kg3 d4 45. Kh4 Rc3 46. Kg3 g5 47. Kg2 d3 48. Re3 Rxa3 49. Re1 Rb3 50. Rd1 Kf7 51. f3 Rc3 52. Kf2 Rb3 53. Rd2 Rxb4 54. Rxd3 Ke6 55. Ke3 d6 56. Rc3 a5 57. Kd3 Ke5 58. Ke3 a4 59. Ra3 Rb3+ 60. Rxb3 axb3 0-1

[Event "OP-2013-0-02581"]
[Site "LSS email"]
[Date "2013.01.11"]
[Round "?"]
[White "Lopez Caler, Jose Luis"]
[Black "Raines, David T"]
[Result "0-1"]
[WhiteElo "1000"]
[BlackElo "999"]
[PlyCount "110"]
[EventDate "2013.01.06"]
[EventType "tourn (corr)"]
[EventRounds "4"]
[EventCountry "GER"]
[SourceTitle "Telechess CBM 159"]
[Source "ChessBase"]
[SourceDate "2014.03.17"]
[SourceVersion "1"]
[SourceVersionDate "2014.03.17"]
[SourceQuality "1"]

1. d4 d5 2. c4 c6 3. Nf3 Nf6 4. Nc3 g6 5. e3 Bg7 6. Be2 0-0 7. 0-0 Nbd7 8. b4 a6 9. Bd2 b5 10. c5 Qc7 11. Bd3 e5 12. dxe5 Nxe5 13. Nxe5 Qxe5 14. Re1 Ne4 15. Bxe4 dxe4 16. Qc2 Be6 17. Nxe4 Bf5 18. f3 Bxe4 19. fxe4 Rad8 20. Rad1 Rfe8 21. Re2 Qxe4 22. Qxe4 Rxe4 23. a3 Bb2 24. Ree1 Bxa3 25. Bc3 Rde8 26. h3 Bxb4 27. Bxb4 Rxb4 28. Rd6 Re6 29. Rd8+ Kg7 30. Ra8 Rc4 31. Rxa6 Rxc5 32. Raa1 Rc3 33. Re2 Rcxe3 34. Rc2 b4 35. Rac1 R3e5 36. Rxc6 Rxc6 37. Rxc6 Rb5 38. Rc1 b3 39. Rb1 b2 40. Kf2 f5 41. Kf3 Kf6 42. Ke3 Ke5 43. g3 h6 44. h4 g5 45. hxg5 hxg5 46. Kf3 Rb3+ 47. Kg2 f4 48. gxf4+ gxf4 49. Kf2 Kd4 50. Ke2 Kc3 51. Kd1 f3 52. Rxb2 Rxb2 53. Ke1 Kd3 54. Kf1 Ke3 55. Kg1 f2+ 0-1

[Event "SN-2012-0-00482"]
[Site "LSS email"]
[Date "2013.01.11"]
[Round "?"]
[White "Meyer, Frank"]
[Black "Lopez Caler, Jose Luis"]
[Result "0-1"]
[WhiteElo "951"]
[BlackElo "1000"]
[PlyCount "48"]
[EventDate "2012.12.22"]
[EventType "tourn (corr)"]
[EventRounds "6"]
[EventCountry "GER"]
[SourceTitle "Telechess CBM 161"]
[Source "ChessBase"]
[SourceDate "2014.07.16"]
[SourceVersion "1"]
[SourceVersionDate "2014.07.16"]
[SourceQuality "1"]

1. d4 d5 2. c4 e6 3. Nf3 Nf6 4. Bg5 Be7 5. e3 0-0 6. Nc3 Nbd7 7. c5 c6 8. Bd3 h6 9. Bh4 Ne8 10. Bxe7 Qxe7 11. 0-0 Nef6 12. b4 Re8 13. Qc2 Ng4 14. Rab1 e5 15. Bf5 Ndf6 16. Bxc8 Raxc8 17. h3 e4 18. Nd2 Qd7 19. hxg4 Nxg4 20. f3 Nxe3 21. Qc1 Nxf1 22. Nxf1 exf3 23. gxf3 Qh3 24. Qf4 Re6 0-1

[Event "OP-2011-0-01950"]
[Site "LSS email"]
[Date "2011.12.21"]
[Round "?"]
[White "Lopez Caler, Jose Luis"]
[Black "Linart, Ludvik"]
[Result "1-0"]
[WhiteElo "800"]
[BlackElo "854"]
[PlyCount "101"]
[EventDate "2011.12.17"]
[EventType "tourn (corr)"]
[EventRounds "4"]
[EventCountry "GER"]
[SourceTitle "Telechess CBM 153"]
[Source "ChessBase"]
[SourceDate "2013.03.14"]
[SourceVersion "1"]
[SourceVersionDate "2013.03.14"]
[SourceQuality "1"]

1. e4 e5 2. Nf3 Nc6 3. Bb5 a6 4. Bxc6 dxc6 5. 0-0 Bd6 6. d4 Bg4 7. Qd3 Bxf3 8. Qxf3 Qf6 9. Qb3 b5 10. d5 c5 11. c4 Rb8 12. Be3 Ne7 13. Nd2 0-0 14. Qc2 Nc8 15. b3 bxc4 16. bxc4 Nb6 17. a4 Rfc8 18. a5 Na8 19. Qa4 Rb4 20. Qc6 Be7 21. Qd7 Rd8 22. Qg4 c6 23. Rfd1 Rdb8 24. Rab1 Nc7 25. Rxb4 cxb4 26. Qd7 Qd6 27. dxc6 Rd8 28. Qxd6 Rxd6 29. Bc5 Re6 30. Bxe7 Rxe7 31. Nb3 Re8 32. g3 g6 33. Rd6 Ne6 34. Rd7 Rc8 35. Rb7 Rxc6 36. Rxb4 Nc5 37. Rb6 Rc8 38. Nxc5 Rxc5 39. Rxa6 Rxc4 40. Ra8+ Kg7 41. a6 Ra4 42. a7 h5 43. h3 Kf6 44. Kg2 Kg5 45. h4+ Kf6 46. f3 Ra2+ 47. Kg1 Ke7 48. g4 hxg4 49. fxg4 f6 50. h5 gxh5 51. gxh5 1-0